header

Medical humanism and natural philosophy (Record no. 238833)

MARC details
000 -LEADER
fixed length control field 01666nam a2200409 a 4500
082 04 - DEWEY DECIMAL CLASSIFICATION NUMBER
Classification number 144.09
100 1# - MAIN ENTRY--AUTHOR NAME
Personal name Hirai, Hiro.
245 10 - TITLE STATEMENT
Title Medical humanism and natural philosophy
260 ## - PUBLICATION, DISTRIBUTION, ETC. (IMPRINT)
Place of publication Leiden ;
-- Boston :
Name of publisher Brill,
Year of publication 2011.
300 ## - PHYSICAL DESCRIPTION
Number of Pages xiii, 227 p.
490 1# - SERIES STATEMENT
Series statement Medieval and early modern science ;
Series statement History of science and medicine library,
650 #0 - SUBJECT ADDED ENTRY--TOPICAL TERM
Topical Term Humanism
Topical Term Physicians.
Topical Term Humanists.
Topical Term Medicine
Topical Term Medicine
Topical Term Philosophy
856 40 - ELECTRONIC LOCATION AND ACCESS
Uniform Resource Identifier http://site.ebrary.com/lib/rucke/Doc?id=10524313

No items available.

© 2026 Rongo University
Contact us: librarian | system librarian | Rongo university